Scholastic news

Detalles Bibliográficos
Nuevo Título:Scholastic news (Edition 5/6)
Título anterior:Scholastic news citizen
Formato: Electrónico Revista
Lenguaje:inglés
Publicado: [New York, NY] : [Scholastic, Inc.], [©1982]-
Edición:Citizen ed.
Materias:
Acceso en línea:Full text available from Research Library: 02/09/1998 to 2004

MARC

LEADER 00000nas a2200000 a 4500
001 ssj0004561
003 WaSeSS
005 20200512172242.0
006 m d
007 cr n
008 821221d1982200umouwx pes 0 a0eng c
010 |a  84649359   |z sn 82008431   |z sn 82008430  
022 |l 0736-0614  |y 0736-0614 
035 |a (WaSeSS)ssj0004561 
037 |b Scholastic News Citizen, 2931 E. McCarty St., PO Box 3710, Jefferson City, MO 65102-9957 
040 |a NSD  |b eng  |c NSD  |d DLC  |d NSD  |d DLC  |d NSD  |d OCL  |d DLC  |d NSD  |d AU@  |d OCLCQ  |d OCLCF  |d OCLCO  |d OCLCQ  |d WaSeSS 
042 |a pcc  |a nsdp 
043 |a n-us--- 
050 0 0 |a AP201  |b .S43 
082 0 0 |a 051  |2 19 
130 0 |a Scholastic news (Citizen edition) 
210 0 |a Scholast. news  |b (Citiz. ed.) 
222 0 |a Scholastic news  |b (Citizen ed.) 
245 1 0 |a Scholastic news  |h [electronic resource]. 
246 1 3 |a Scholastic news citizen  |f <May 14, 1993-> 
250 |a Citizen ed. 
260 |a [New York, NY] :  |b [Scholastic, Inc.],  |c [©1982]- 
310 |a Weekly during the school year (except at holidays and midterm) 
362 0 |a Vol. 51, no. 1 (Sept. 10, 1982)- 
500 |a Edition statement varies: Citizen ed., 1982-19 ; Ed. 5, <May 14, 1993->; Ed. 5/6, <Sept. 2, 1994->; Senior ed., <Apr. 20, 1998-> 
500 |a At head of title for issues <May 14, 1993->: Citizen. 
500 |a Place of publication varies: Jefferson City, MO, <May 14, 1993-> 
500 |a Accompanied by separately paged supplement called Teachers' edition. 
506 |a License restrictions may limit access. 
521 8 |a Also designated "5" to indicate grade level of material. 
588 |a Latest issue consulted: Vol. 66, no. 23 (Apr. 20, 1998). 
650 0 |a Education, Elementary  |z United States  |v Periodicals. 
650 7 |a Education, Elementary.  |2 fast  |0 (OCoLC)fst00902945 
651 7 |a United States.  |2 fast  |0 (OCoLC)fst01204155 
655 0 |a Electronic journals. 
780 0 0 |t Scholastic news citizen  |x 0091-2484  |w (DLC) 73642790  |w (OCoLC)1786178 
785 0 0 |t Scholastic news (Edition 5/6)  |x 1554-2440  |w (DLC) 2005213822 
850 |a DLC 
856 4 0 |z Full text available from Research Library: 02/09/1998 to 2004  |u https://search.proquest.com/publication/21429